Responses for Show #7851 - Monday, October 29, 2018

Contestants

[<< previous game]

Neill Mohammad, a healthcare consultant from DeKalb, Illinois

Soyia Ellison, a nonprofit communications professional from Decatur, Georgia

Tori Campbell, an attorney from Chicago, Illinois (whose 1-day cash winnings total $2,198)

[next game >>]

Jeopardy! Round responses

FRENCH OFF THE BOAT
SPEAKING SOME LEGALESE
FACTS & FIGURES
THE STATE-LY COLLEGE
LITERARY WORDS & PHRASES
POP CULTURE ALPHABET
    $200 9
Jacques Cousteau

Neill
    $200 14
New York

Tori
    $200 7
an oxymoron

Soyia
    $200 1
U

Tori
    $400 10
(Jean) Lafitte

Neill
    $400 27
common-law

Tori
    $400 20
Matthew, Mark, Luke and John

Neill
    $400 28
[The end-of-round signal sounds.]

Massachusetts

Tori
    $400 8
stream of consciousness

Neill
    $400 5
E!

Tori
    $600 11
(Tori: What is Louisiana?)

Delaware

Tori
Triple Stumper
    $600 24
recess

Neill
    $600 21
the plague

Soyia
    $600 6
Ohio

Soyia
    $600 17
(Neill: What is pentameter?)
(Alex: Be more specific.)
(Neill: [*]?)

iambic pentameter

Neill
    $600 2
(Neill: What is O?)

Q

ToriNeill
    $800 12
L'Enfant

Neill
    $800 25
a non-disclosure agreement

Tori
    $800 22
(Alex: Less than a minute.)

the Brooklyn Bridge

Tori
    $800 15
Washington

Tori
    $800 18
deus ex machina

Soyia
    $800 3
W

Triple Stumper
    $1000 13
Fort Caroline

Triple Stumper
    $1000 26
(Neill: What is a riot? ...[*]?)
(Alex: Thank you.)

Riot Act

Neill
    $1000 23
Walter Raleigh

Soyia
    $1000 16
Georgia

Soyia
    $1000 19
foreshadowing

Tori
    $1000 4
X

Triple Stumper

Scores at the first commercial break (after clue 15):

Tori Soyia Neill
$1,600 $800 $1,200

Scores at the end of the Jeopardy! Round:

Tori Soyia Neill
$5,000 $4,200 $3,800

Double Jeopardy! Round responses

AT THE ARCADE
FROGGER
JOUST
CONTRA
BURGER TIME
MISSAL COMMAND
    $400 13
air hockey

Tori
    $400 4
glucose

Neill
    $400 8
A Connecticut Yankee in King Arthur's Court

Soyia
    $400 1
versus

Tori
    $400 2
bacon

Neill
    $400 22
Communion (or Eucharist)

Soyia
    $800 17
Dance Dance Revolution

Triple Stumper
    $800 25
Goliath

Soyia
    $800 9
(Sir Walter) Scott

Soyia
    $800 3
counterclockwise

Soyia
    $800 18
portobello mushroom

Tori
    $800 23
(Neill: What is your hand?)

knee

ToriNeill
    $1200 14
Roger Daltrey

Neill
    $1200 26
(Alex: Less than a minute now.)

a poison dart frog

Tori
    $2,000 10
Nostradamus

Soyia
    $1200 5
a rebellion

Neill
    $1200 19
a shack

Tori
    $1200 24
amen

Tori
    $1600 15
Skee-Ball

Tori
    $1600 27
a tail

Tori
    $1600 11
tilting at windmills

Tori
    $1600 6
polar

Neill
    $1600 20
Vidalia

Tori
    $1600 29
(Soyia: What is gloriosus?)
(Tori: What is a hymn?)
...
[The end-of-round signal sounds.]

gloria

ToriSoyia
Triple Stumper
    $2000 16
Tempest

Triple Stumper
    $2,000 28
playing dead

Tori
    $2000 12
Le Morte d'Arthur

Neill
    $2000 7
breakaway

Triple Stumper
    $2000 21
Wahlburgers

Soyia

Scores at the end of the Double Jeopardy! Round:

Tori Soyia Neill
$17,800 $9,800 $9,800

[wagering suggestions for these scores]

Final Jeopardy! Round responses

SHAKESPEARE
[Neill's response was revealed first.]
SoyiaWhat is A Midsummer Night's Dream?
$9,798
NeillWhat is A Midsummer Night's Dream
$9,800
ToriWhat is a Midsummer Night's Dream?
$1,801
A Midsummer Night's Dream

Final scores:

Tori Soyia Neill
$19,601 $19,598 $19,600
2-day champion: $21,799 3rd place: $1,000 2nd place: $2,000

Game dynamics:

Coryat scores:

Tori Soyia Neill
$17,800 $9,000 $9,800
22 R
(including 2 DDs),
2 W
13 R
(including 1 DD),
1 W
14 R,
2 W

Combined Coryat: $36,600

[game clues] [game scores] [suggest correction]

Game tape date: 2018-08-22
The J! Archive is created by fans, for fans. Scraping, republication, monetization, and malicious use prohibited; this site may use cookies and collect identifying information. See terms. The Jeopardy! game show and all elements thereof, including but not limited to copyright and trademark thereto, are the property of Jeopardy Productions, Inc. and are protected under law. This website is not affiliated with, sponsored by, or operated by Jeopardy Productions, Inc. Join the discussion at JBoard.tv.